000
00313nam a22001337a 4500
008
181101b xxu||||| |||| 00| 0 eng d
020
_a
9780323020497
041
_a
eng
080
_2
6th
_a
610
100
_a
4
101
_a
SHM
245
_a
Diagnostic and Laboratory Test Reference
_c
Gaul,P.J
942
_2
udc
_c
BK
999
_c
51481
_d
51481